Gastro-intetinal parasites in feline at veterinary teaching hospital of faculty of veterinary medicine of royal university of agriculture, បរាសិតក្នុងក្រពះពោះវៀនសត្វពិឡារនៅមន្ទីរពេទ្យសត្វ នៅមហាវិទ្យាល័យវេជ្ជសាស្រ្តសត្វនៃ សាកលវិទ្យាល័យភូមិន្ទកសិកម្ម (Record no. 25815)
[ view plain ]
| 000 -LEADER | |
|---|---|
| fixed length control field | 00735nam a22001217a 4500 |
| 040 ## - CATALOGING SOURCE | |
| Transcribing agency | RUA |
| 082 ## - DEWEY DECIMAL CLASSIFICATION NUMBER | |
| Classification number | AVM AK 2025 B705 Or.1 |
| 100 ## - MAIN ENTRY--AUTHOR NAME | |
| Personal name | AK TEM , អាក់ ទឹម |
| 245 ## - TITLE STATEMENT | |
| Title | Gastro-intetinal parasites in feline at veterinary teaching hospital of faculty of veterinary medicine of royal university of agriculture, បរាសិតក្នុងក្រពះពោះវៀនសត្វពិឡារនៅមន្ទីរពេទ្យសត្វ នៅមហាវិទ្យាល័យវេជ្ជសាស្រ្តសត្វនៃ សាកលវិទ្យាល័យភូមិន្ទកសិកម្ម |
| 260 ## - PUBLICATION, DISTRIBUTION, ETC. (IMPRINT) | |
| Place of publication | PHNOM PENH |
| Name of publisher | RUA |
| Year of publication | 2025 |
| 300 ## - PHYSICAL DESCRIPTION | |
| Number of Pages | xi,42p. |
| Other physical details | ill. |
| Dimensions | 29cm |
| 942 ## - ADDED ENTRY ELEMENTS (KOHA) | |
| Koha item type | AVM |
| 952 ## - LOCATION AND ITEM INFORMATION (KOHA) | |
| Withdrawn status [LOCAL, KOHA] | 0 |
| 952 ## - LOCATION AND ITEM INFORMATION (KOHA) | |
| Withdrawn status [LOCAL, KOHA] | 0 |
| Permanent Location | Date acquired | Koha item type | Lost status | Shelving location | Barcode | Current Location | Full call number |
|---|---|---|---|---|---|---|---|
| Library Block B | 2026-05-26 | AVM | B705 | B712255 | Library Block B | AVM AK 2025 B705 Or.1 | |
| Library Block B | 2026-05-26 | AVM | B705 | B712244 | Library Block B | AVM AK 2025 B705 Or.2 |